000 00469nam a2200181Ia 4500
005 20250603145917.0
008 250603s9999 xx 000 0 und d
020 _a9781905047079
050 _aBQ 7935 .B774 .J33/
100 _aAlan, Jacobs
245 4 _aThe Ocean of wisdom: the most comprehensive anthology of spiritual wisdom available
260 _aNew York
260 _bO books
260 _c2005
300 _a744 p
650 _aNew York
942 _cBK
999 _c43220
_d43220